| 000 | 00509nam a2200181Ia 4500 | ||
|---|---|---|---|
| 005 | 20250508162830.0 | ||
| 008 | 008 250505s9999 xx 000 0 eng d | ||
| 037 | _aReference | ||
| 040 |
_aFEDL _beng _cFEDL |
||
| 041 |
_aeng _2eng |
||
| 084 |
_a808.1, DEY _qFEDL |
||
| 100 |
_aDey Sushil Kumar _9413240 |
||
| 245 | 0 | _aSanskrit kavyashastra ka itihas | |
| 260 |
_aPatna, India _bBihar Hindi Granth Akademi _c1973 |
||
| 300 | _a321p. | ||
| 942 |
_cREF _h808.1, DEY |
||
| 999 |
_c1378945 _d1378945 |
||